Worked examples in alternating current: For engineering students / (Record no. 180360)

000 -LEADER
fixed length control field 00526 a2200181 4500
003 - CONTROL NUMBER IDENTIFIER
control field Nust
005 - DATE AND TIME OF LATEST TRANSACTION
control field 20230718113511.0
040 ## - CATALOGING SOURCE
Transcribing agency Nust
082 ## - DEWEY DECIMAL CLASSIFICATION NUMBER
Classification number 621.31,FRE
100 ## - MAIN ENTRY--PERSONAL NAME
Personal name Freeman, P. J.
245 ## - TITLE STATEMENT
Title Worked examples in alternating current: For engineering students /
Statement of responsibility, etc. P. J. Freeman
250 ## - EDITION STATEMENT
Edition statement 1st
260 ## - PUBLICATION, DISTRIBUTION, ETC.
Place of publication, distribution, etc. Macdonald
Name of publisher, distributor, etc. London
Date of publication, distribution, etc. 1964
300 ## - PHYSICAL DESCRIPTION
Extent 108:p
505 ## - FORMATTED CONTENTS NOTE
Formatted contents note PART-1: Questions and Answers (Page-3), PART-2: Questions and Solutions (Page-31).
650 ## - SUBJECT ADDED ENTRY--TOPICAL TERM
Topical term or geographic name entry element AC
9 (RLIN) 113698
942 ## - ADDED ENTRY ELEMENTS (KOHA)
Source of classification or shelving scheme
Koha item type Book
Call number prefix 621.31,FRE
Holdings
Withdrawn status Lost status Source of classification or shelving scheme Damaged status Not for loan Permanent Location Current Location Shelving location Date acquired Full call number Barcode Date last seen Price effective from Koha item type Public note
          Military College of Signals (MCS) Military College of Signals (MCS) General Stacks 12/12/2016 621.31,FRE MCS5291 12/08/2016 12/12/2016 Book Almirah No 88, Shelf No 2
© 2023 Central Library, National University of Sciences and Technology. All Rights Reserved.